000 03960nam a22004937a 4500
005 20110824152728.0
006 a|||||r|||||00| 0
007 vc av zk
008 110824t xxu||||| |||| 00| 0 eng d
010 _aDVD-008064-072
024 _aYRD 60246 or 60247
_c99.00
028 _bPioneers Office Automation
035 _aDVD-008064-072
040 _aDPL
_cDPL
082 _aDVD / ROCK
245 _aRocket Singh:
_cwritten by Jaideep Sahni; directed by Shimit Amin; produced by Aditya Chopra music by Salim-Sulaiman
_h(Videorecording) DVD
_bSalesman of the Year /
260 _aMumbai
_bYash Raj Films
_cp2010.
300 _a1 videodisc DVD (154 Min.)
_bsd., col.
_c4 3/4 in.
_fDVD
306 _a154 Min
440 _933486
500 _aHindi movies
500 _aCopyright Yash Raj Films
500 _aSummary from IMDB.com
505 _aRanbir Kapoor, Prem Chopra and Gauhar Khan
520 _aHarpreet Singh Bedi (Ranbir Kapoor) has just graduated, and his marks are, well, let's say a little embarrassing. But marks never stopped him from dreaming of an exciting and adventurous career, and they never will. 'Rocket Singh - Salesman of the Year' is the sometimes thoughtless, sometimes thoughtful story of a fresh graduate trying to find a balance between the maddening demands of the 'professional' way, and the way of his heart - and stumbling upon a crazy way which turned his world upside down, and his career right side up. Welcome to the world of sales, boss!
538 _aDigital dolby: 5.1 sound, NTSC format-all regions, design: YRF-DC
650 _aMotion picture
_933495
700 _aAmin, Shimit
_933504
700 _aChopra, Aditya
_933527
700 _aSahni, Jaideep
_933536
700 _aSalim-Sulaiman
_933555
856 _uhttp://www.imdb.com/title/tt0053706/
942 _2ddc
_cCF
_hDVD
_mROCK
999 _c55914
_d55914